00731nam a2200145Ia 4500008004100000020001800041100003500059245012700094260002200221650001300243650019600256856004100452999001900493952007300512171212s9999 xx 000 0 und d a9781925021561 aForsyth, Miranda;Eves, Richard cForsyth, Miranda;Eves, RichardaTalking it ThroughbResponses to Sorcery and Witchcraft Beliefs and Practices in Melanesia bANU E Pressc2015 aReligion aWitchcraft -- Melanesia; Witchcraft -- Papua New Guinea; Melanesia -- Social life and customs; Papua New Guinea -- Social life and customs; Melanesia -- Religion; Papua New Guinea -- Religion uhttp://jstor.org/stable/j.ctt169wd7b c351333d351333 001040aCLbCLd2017-12-12l0r2017-12-12 00:00:00w2017-12-12yCBE